000 00687nam a2200241Ia 4500
003 OSt
005 20220928133253.0
006 a|||||r|||| 00| 0
007 ta
008 220927b |||||||| |||| 00| 0 eng d
024 _a46090
037 _cTextual
040 _aSDCL
_cSDCL
_beng
041 _2eng
_aeng
082 _aV73, L2.1-.2
100 _aGrob Gerald N
_9484975
245 0 _aInterpretations of American History
_b Patters and perspetives
250 _a2
260 _aLondon
_bFree Press
_c1972
700 _a Billias George Athan
_9395448
942 _hV73, L2.1-.2
_cTEXL
_2CC
999 _c798687
_d798687